|
|
|
|
| LEADER |
00000nab a2200000 a 4500 |
| 001 |
vtls000687934 |
| 003 |
SK-MaSNL |
| 005 |
20260302195642.0 |
| 008 |
180206c1999 xo 0 slo |
| 015 |
|
|
|a SNBRB1999/04-09039
|
| 035 |
|
|
|a CLN000040101
|
| 040 |
|
|
|a SNKBUCL
|b slo
|c SNKBUCL
|e AACR2
|
| 041 |
0 |
|
|a slo
|
| 044 |
|
|
|a xo
|c SK
|
| 080 |
|
|
|a 328.1(437.6):061.3
|2 UDC-MRF-SK2
|
| 080 |
|
|
|a 336.255.56(437.6)
|2 UDC-MRF-SK2
|
| 080 |
|
|
|a 336.213.5(437.6)
|2 UDC-MRF-SK2
|
| 080 |
|
|
|a 336.22
|2 UDC-MRF-SK2
|
| 100 |
1 |
|
|a Kramplová, Ľuba
|4 aut
|9 891141
|
| 245 |
1 |
0 |
|a Koniec sporom DPH verzus dovozná prirážka?
|b vláda včera rokovala o rizikách rozpočtu
|c Ľuba Kramplová
|
| 300 |
|
|
|b Tab.
|
| 610 |
|
7 |
|a Slovensko
|b Vláda
|x zasadanie
|y 14.4.1999
|2 snkbucl
|9 917488
|
| 650 |
0 |
7 |
|a dane spotrebné
|z Slovensko
|2 snkbucl
|9 864901
|
| 650 |
0 |
7 |
|a daň cestná
|z Slovensko
|2 snkbucl
|9 856932
|
| 655 |
|
7 |
|a články z novín a časopisov
|2 snkbucl
|9 267496
|
| 773 |
0 |
|
|x 1335-4124
|t Hospodársky denník
|g Roč. 1, č. 40 (15.4.1999), s. 1-2
|
| 850 |
|
|
|a Slovenská národná knižnica v Martine
|
| 852 |
|
|
|a SNK
|b KIS3GCP
|
| 958 |
|
|
|a RBX
|
| 999 |
|
|
|c 1453413
|d 1455343
|